MARC

LEADER 00000nam0a2200000 4500
001 36647
005 20231031002247.0
010 |a 5020291226 
035 |a (RuTPU)RU\TPU\book\37123 
035 |a BOOK00003775 
090 |a 36647 
100 |a 20011210d1989 km y0rusy50 ca 
101 0 |a rus 
102 |a RU 
105 |a a z 001zy 
200 1 |a Экологические проблемы энергетики  |f Под ред. А. А. Папина 
210 |a Новосибирск  |c Наука  |d 1989 
215 |a 322 с.  |c ил. 
320 |a Библиогр.: с. 310-319. 
610 1 |a энергетика 
610 1 |a окружающая среда 
610 1 |a влияние 
610 1 |a энергетические комплексы 
675 |a 620.9:628  |v 3 
702 1 |a Папин  |b А. А.  |g Алесандр Александрович  |4 340 
801 0 |a RU  |b 63413507  |c 20011210  |g PSBO 
801 2 |a RU  |b 63413507  |c 20030930  |g PSBO 
801 2 |a RU  |b 63413507  |c 20051212  |g PSBO 
900 |a Экология 
942 |c BK